000 01364nam a2200349 a 4500
003 CO-PeBPR
005 20260419092436.0
008 231210s2023 ck a|||ar|||| 00||| spa d
020 _a9786289568936
040 0 _aCO-PeBPR
_bspa
_cCO-PeBPR
_erda
041 0 _hspa
082 0 4 _a(i) 550.2 B215n
100 1 _aBanfi, Cristina
_d1966-
_eautora
_9279681
245 1 0 _aNuestro planeta
_b: infografías para descubrir la tierra
_c/ Cristina Banfi ; ilustraciones de Giulia de Amicis ; traducción de Pau Sanchís Ferrer
250 _aEdición especial
264 1 _aBogotá, Colombia
_b: AS ediciones
_c, 2023
300 _a75 páginas
_b: ilustraciones a color
_c; 35 centímetros
336 _atexto
_btxt
337 _asin mediación
_bn
_2rdamedia
338 _avolumen
_bnc
_2rdacarrier
500 _aIncluye índice.
521 _aRecomendado para un público infantil a partir de los 6 años
534 _tLa terra: Il nostro pianeta spiegato in un colpa d'occhio
650 1 4 _2LEMB
_aCiencias de la tierra
_916049
650 1 4 _2LEMB
_aTierra (Planeta)
_xGeología
_9279682
650 1 4 _2LEMB
_aEcosistemas
_9279683
650 1 4 _2LEMB
_aEcosistemas
_9279683
650 1 4 _2LEMB
_aLibros ilustrados para niños
_916
700 1 _aDe Amicis, Giulia
_eilustradora
_9279684
700 1 _aSanchis Ferrer, Pau
_etraductora
_9279685
942 _2ddc
_cBKINF
999 _c17372
_d17372